[Event "TUR Cup										"]
[Site "Antalya"]
[Date "2018.01.31"]
[Round "7"]
[White "Yildiz, Zekerya"]
[Black "Koksal, Recep"]
[Result "0-1"]
[WhiteElo "1525"]
[BlackElo "1763"]
[PlyCount "144"]
[EventDate "2018.01.27"]
[EventType "swiss"]
[EventRounds "11"]
[EventCountry "TUR"]
[SourceTitle "CBM 182 Extra"]
[Source "ChessBase"]
[SourceDate "2018.02.23"]
[SourceVersion "1"]
[SourceVersionDate "2018.02.23"]
[SourceQuality "1"]

1. d4 Nf6 2. Bf4 e6 3. Nf3 d5 4. e3 Bd6 5. Bxd6 Qxd6 6. c3 Nbd7 7. Qa4 0-0 8. Be2 Ne4 9. Nbd2 f5 10. c4 c6 11. c5 Qe7 12. Qc2 Kh8 13. Nb3 a5 14. a4 g5 15. Nfd2 Nef6 16. f3 Rf7 17. Qc3 Qd8 18. Bd3 g4 19. e4 Nh5 20. 0-0-0 Nf4 21. exf5 exf5 22. g3 Nxd3+ 23. Qxd3 b5 24. cxb6 Qxb6 25. Qc3 Kg8 26. Rde1 Bb7 27. Nc5 Nxc5 28. dxc5 Qb4 29. Qxb4 axb4 30. b3 Ra5 31. Re8+ Kg7 32. Rhe1 Rxc5+ 33. Kd1 Ba6 34. Rb8 Bb7 35. Ree8 Kf6 36. Rg8 gxf3 37. Nxf3 Rc3 38. Nd2 c5 39. Rgf8 Rxf8 40. Rxf8+ Ke5 41. Rb8 Ba6 42. Rb6 Bd3 43. a5 Bc2+ 44. Ke2 Bd3+ 45. Kd1 Rc2 46. Nf3+ Ke4 47. Ng5+ Ke3 48. Ne6 Ra2 49. Kc1 Ra1+ 50. Kb2 Rb1+ 51. Ka2 c4 52. Nc5 Rc1 53. Rxb4 cxb3+ 54. Nxb3 Rc7 55. Rb6 Ra7 56. Ka3 Bc4 57. Ka4 d4 58. Rb4 Bxb3+ 59. Rxb3+ d3 60. Ra3 Ke2 61. Kb5 d2 62. Ra2 Ke1 63. Ra1+ d1Q 64. Rxd1+ Kxd1 65. Kb6 Ra8 66. a6 Ke2 67. Kb7 Re8 68. a7 Kf3 69. a8Q Rxa8 70. Kxa8 Kg2 71. Kb7 Kxh2 72. Kc6 Kxg3 0-1

[Event "TUR Cup										"]
[Site "Antalya"]
[Date "2018.01.27"]
[Round "1"]
[White "Yildiz, Zekerya"]
[Black "Guven, Oguz Kagan"]
[Result "0-1"]
[WhiteElo "1525"]
[BlackElo "1988"]
[PlyCount "94"]
[EventDate "2018.01.27"]
[EventType "swiss"]
[EventRounds "11"]
[EventCountry "TUR"]
[SourceTitle "CBM 182 Extra"]
[Source "ChessBase"]
[SourceDate "2018.02.23"]
[SourceVersion "1"]
[SourceVersionDate "2018.02.23"]
[SourceQuality "1"]

1. d4 Nf6 2. e3 g6 3. Bd3 Bg7 4. Nd2 0-0 5. c3 d6 6. Ngf3 Nbd7 7. 0-0 e5 8. Re1 Re8 9. Qc2 c6 10. e4 Qc7 11. b3 a5 12. a4 Nh5 13. Nf1 Nf4 14. Bxf4 exf4 15. Rad1 h6 16. Re2 Nf8 17. h3 Ne6 18. e5 Bd7 19. Rde1 d5 20. N1d2 c5 21. Qb2 cxd4 22. cxd4 Rac8 23. Nb1 Qb6 24. Na3 Bf8 25. Nb5 Bxb5 26. Bxb5 Re7 27. b4 axb4 28. Qxb4 Rec7 29. Qb2 Qa5 30. Qb3 Rd8 31. Rb1 Rc3 32. Qa2 Rxf3 33. gxf3 Nxd4 34. Kg2 Qc3 35. Rd2 Nxf3 36. Rxd5 Nh4+ 37. Kh2 Qf3 38. Bf1 Qxd5 39. Qxd5 Rxd5 40. Rxb7 Nf3+ 41. Kg2 Nxe5 42. Bb5 Bc5 43. Rc7 Bd6 44. Rc8+ Kg7 45. Rc2 f3+ 46. Kg3 Nd3+ 47. Kh4 Rd4# 0-1